El delito

Saved in:
Bibliographic Details
Main Author: Hentig, Hans von (Author)
Format: Book
Language:Spanish
Published: Madrid Espasa-Calpe 1971
Subjects:
Tags: Add Tag
No Tags, Be the first to tag this record!

MARC

LEADER 00000nam a2200000 a 4500
001 UCS0308
003 CL-VaPUC
008 970418e19710000SP |||||||||||||||||spa|d
082 0 4 |a 364.01  |b HEN  |2 21 
100 |a Hentig, Hans von  |e author  |9 388589 
245 1 3 |a El delito 
300 |a 3 v 
942 |c BK 
945 |d 19970418 00:00:00  |a paguirre 
260 |a Madrid  |b Espasa-Calpe  |c 1971 
500 |a v.1: El criminal en la dinámica del tiempo y del espacio 
500 |a v.2: El delincuente bajo la influencia de las fuerzas del mundo circundante 
500 |a v.3: Componentes disposicionales en el engranaje del delito 
650 7 |a DERECHO PENAL  |2 CL-VaPUC  |9 11 
650 0 |a Delitos  |9 224143 
650 7 |a CRIMINALES  |2 CL-VaPUC  |9 322996 
650 7 |a DELINCUENTES  |2 CL-VaPUC  |9 315465 
650 7 |a CULPABILIDAD  |2 CL-VaPUC  |9 351694 
650 7 |a PSICOLOGIA CRIMINAL  |2 CL-VaPUC  |9 256274 
583 |a last modification  |c 19970418 00:00:00  |k Rodrigo Vera 
999 |c 258541  |d 258539 
952 |0 0  |1 0  |4 0  |6 364_010000000000000_HEN_1971  |7 0  |8 A  |9 282713  |a BIBDER  |b BIBDER  |d 2019-11-19  |h v.1  |i 1833510  |o 364.01 HEN 1971  |p 1833510  |r 2023-01-25  |w 2019-11-19  |y BK  |k DER 
952 |0 0  |1 0  |4 0  |6 364_010000000000000_HEN_1971  |7 0  |8 A  |9 282714  |a BIBDER  |b BIBDER  |d 2019-11-19  |h v.2  |i 1833529  |o 364.01 HEN 1971  |p 1833529  |r 2023-01-25  |w 2019-11-19  |y BK  |k DER 
952 |0 0  |1 0  |4 0  |6 364_010000000000000_HEN_1971  |7 0  |8 A  |9 282715  |a BIBDER  |b BIBDER  |d 2019-11-19  |h v.3  |i 1833537  |o 364.01 HEN 1971  |p 1833537  |r 2023-01-25  |w 2019-11-19  |y BK  |k DER